Karl Marx on Technology and Alienation / (Record no. 16084)
[ view plain ]
| 000 -LEADER | |
|---|---|
| fixed length control field | 03164cam a2200337 a 4500 |
| 001 - CONTROL NUMBER | |
| control field | 15509680 |
| 005 - DATE AND TIME OF LATEST TRANSACTION | |
| control field | 20090828111902.0 |
| 008 - FIXED-LENGTH DATA ELEMENTS--GENERAL INFORMATION | |
| fixed length control field | 081104s2009 enk b 001 0 eng |
| 010 ## - LIBRARY OF CONGRESS CONTROL NUMBER | |
| LC control number | 2008046488 |
| 015 ## - NATIONAL BIBLIOGRAPHY NUMBER | |
| National bibliography number | GBA8D8437 |
| Source | bnb |
| 016 7# - NATIONAL BIBLIOGRAPHIC AGENCY CONTROL NUMBER | |
| Record control number | 014851958 |
| Source | Uk |
| 020 ## - INTERNATIONAL STANDARD BOOK NUMBER | |
| International Standard Book Number | 0230224407 (hardback) |
| 020 ## - INTERNATIONAL STANDARD BOOK NUMBER | |
| International Standard Book Number | 9780230224407 (hardback) |
| 035 ## - SYSTEM CONTROL NUMBER | |
| System control number | (OCoLC)ocn270129908 |
| 040 ## - CATALOGING SOURCE | |
| Original cataloging agency | DLC |
| Transcribing agency | DLC |
| Modifying agency | UKM |
| -- | BTCTA |
| -- | YDXCP |
| -- | BWKUK |
| -- | BWK |
| -- | CDX |
| -- | DLC |
| 050 00 - LIBRARY OF CONGRESS CALL NUMBER | |
| Classification number | B3305.M74 |
| Item number | W45 2009 |
| 082 00 - DEWEY DECIMAL CLASSIFICATION NUMBER | |
| Classification number | 335.41 |
| Edition number | 22 |
| Item number | WEN |
| 100 1# - MAIN ENTRY--PERSONAL NAME | |
| Personal name | Wendling, Amy E., |
| Dates associated with a name | 1976- |
| 9 (RLIN) | 27343 |
| 245 10 - TITLE STATEMENT | |
| Title | Karl Marx on Technology and Alienation / |
| Statement of responsibility, etc | Amy E Wendling. |
| 260 ## - PUBLICATION, DISTRIBUTION, ETC. (IMPRINT) | |
| Place of publication, distribution, etc | Basingstoke [England] ; |
| -- | New York : |
| Name of publisher, distributor, etc | Palgrave Macmillan, 2009 |
| Date of publication, distribution, etc | 2009. |
| 300 ## - PHYSICAL DESCRIPTION | |
| Extent | x, 252 p. ; |
| Dimensions | 23 cm. |
| 504 ## - BIBLIOGRAPHY, ETC. NOTE | |
| Bibliography, etc | Includes bibliographical references (p. 213-239) and index. |
| 505 0# - FORMATTED CONTENTS NOTE | |
| Formatted contents note | Introduction -- Karl Marx's concept of alienation -- Objectification, alienation, and estrangement : on Marx's Hegelian inheritance -- Other origins of "alienation" and "objectification" -- Marx's account of alienation : from early to late -- The alienated object of production : commodity fetishism -- The alienated means of production : machine fetishism -- Machines and the transformation of work -- Marx's energeticist turn -- The first law of thermodynamics : Kraft, Stoff, and the discourse of energetics -- From arbeit to arbeitskraft : Marx's transformation of work from self-actualization to energy expenditure -- The second law of thermodynamics : entropy, the heat death of the universe, and revolution -- Machines in the communist future -- Technology and the boundaries of nature -- Material wealth and value : the Grundrisse's "fragment on machines" -- The strife between technology and capital : the fall in the rate of profit -- Enjoyment not value : challenging the capitalist logic of exhaustion -- Man himself as fixed capital : the symbiosis of human and machine in the production of material wealth -- Class kinship and the redistribution of the means of production -- Machines in the capitalist reality -- Between thermodynamics and humanism : approaching Capital -- Machinery as an historical category of production -- Machines, trains, and other capitalist monsters -- Rough, foul-mouthed boys : women's monstrous laboring bodies -- Wage labor and race -- Wage labor and sexuality -- Machinery and revolution -- Alienation beyond Marx -- Science and technology in Marx's excerpt notebooks -- Karl Marx and Charles Babbage : the speed of production in the Economic manuscripts of 1861-1863 -- Machines and temporality : the treadmill effect and free time -- Technophobia and technophilia -- Technophobia and twentieth-century theory. |
| 600 10 - SUBJECT ADDED ENTRY--PERSONAL NAME | |
| Personal name | Marx, Karl, |
| Dates associated with a name | 1818-1883. |
| 9 (RLIN) | 27344 |
| 650 #0 - SUBJECT ADDED ENTRY--TOPICAL TERM | |
| Topical term or geographic name as entry element | Technology |
| General subdivision | Philosophy. |
| 9 (RLIN) | 27345 |
| 650 #0 - SUBJECT ADDED ENTRY--TOPICAL TERM | |
| Topical term or geographic name as entry element | Alienation (Philosophy) |
| 9 (RLIN) | 27346 |
| 653 ## - INDEX TERM--UNCONTROLLED | |
| Resource For college | |
| Arrived date list | September2011 |
| 942 ## - ADDED ENTRY ELEMENTS (KOHA) | |
| Source of classification or shelving scheme | Dewey Decimal Classification |
| Item type | Book - Borrowing |
| Withdrawn status | Item status | Source of classification or shelving scheme | Damaged status | Not for loan | Vendor | Home library | Current library | Shelving location | Date acquired | Source of acquisition | Cost, normal purchase price | Serial Enumeration / chronology | Total Checkouts | Total Renewals | Full call number | Barcode | Date last seen | Date last borrowed | Koha item type |
|---|---|---|---|---|---|---|---|---|---|---|---|---|---|---|---|---|---|---|---|
| Dewey Decimal Classification | Baccah | Central Library | Central Library | First floor | 25/09/2011 | 507.00 | 12896 | 2 | 4 | 335.41 WEN | 000024921 | 15/07/2025 | 14/04/2013 | Book - Borrowing |